A time for renewal (Record no. 76586)

MARC details
000 -LEADER
fixed length control field 00993cab a2200205 4500
001 - CONTROL NUMBER
control field ##L132719
008 - FIXED-LENGTH DATA ELEMENTS--GENERAL INFORMATION
fixed length control field 060303n2006 000 0 eng u
035 ## - SYSTEM CONTROL NUMBER
System control number (Sirsi) u132719
041 0# - LANGUAGE CODE
Language code of text/sound track or separate title eng
100 1# - MAIN ENTRY--PERSONAL NAME
Personal name Cridge, Julian
245 02 - TITLE STATEMENT
Title A time for renewal
260 ## - PUBLICATION, DISTRIBUTION, ETC.
Date of publication, distribution, etc. 2006
490 #0 - SERIES STATEMENT
Series statement RICS Business
Volume/sequential designation March 2006, 22(1)
520 ## - SUMMARY, ETC.
Summary, etc. Contains a step-by-step guide to the renewal of business tenancies under the Landlord and Tenant Act 1954 (as amended), concentrating particularly on the notices to be served 18, 12, and two months before expiry, and on expiry itself. Emphasises that property managers, whether acting for landlord or tenant, need to prompt clients to review their situation well in advance of actual expiry.
590 ## - LOCAL NOTE (RLIN)
Local note IKA140306
650 24 - SUBJECT ADDED ENTRY--TOPICAL TERM
Topical term or geographic name entry element LANDLORD AND TENANT ACT 1954
690 ## - LOCAL SUBJECT ADDED ENTRY--TOPICAL TERM (OCLC, RLIN)
Topical term or geographic name as entry element PROPERTY-COMMERCIAL PROPERTY-LEASEHOLD COMMERCIAL PROPERTY-COMMERCIAL LANDLORD AND TENANT-COMMERCIAL LEASES-COMMERCIAL LEASE RENEWAL
700 1# - ADDED ENTRY--PERSONAL NAME
Personal name Rooney, Adam
942 ## - ADDED ENTRY ELEMENTS (KOHA)
Suppress in OPAC 0
Holdings
Withdrawn status Lost status Source of classification or shelving scheme Damaged status Not for loan Home library Current library Shelving location Date acquired Total Checkouts Full call number Barcode Date last seen Copy number Price effective from Koha item type
    Dewey Decimal Classification     London London Journal article 03/03/2006   L132719 132719-1001 06/08/2019 1 06/08/2019 Journal article